Sports Quiz

Random Sports or Olympics Quiz

American Swimming Medallists at Rio 2016 Quiz Stats

 Plays Quiz not verified by Sporcle

Score 0/71 Timer 10:00
0 Plays Today
Event Name % Correct
Men's 4x100m Freestyle RelayMichael Phelps
98.9%
Men's 200m ButterflyMichael Phelps
98.9%
Men's 4x200m Freestyle RelayMichael Phelps
98.9%
Men's 200m Individual MedleyMichael Phelps
98.9%
Men's 100m ButterflyMichael Phelps
98.9%
Men's 4x100m Medley RelayMichael Phelps
98.9%
Women's 4x100m Freestyle RelayKatie Ledecky
90.9%
Women's 400m FreestyleKatie Ledecky
90.9%
Women's 200m FreestyleKatie Ledecky
90.9%
Women's 4x200m Freestyle RelayKatie Ledecky
90.9%
Women's 800m FreestyleKatie Ledecky
90.9%
Men's 4x200m Freestyle RelayRyan Lochte
87.6%
Men's 4x100m Freestyle RelayNathan Adrian
83.3%
Men's 100m FreestyleNathan Adrian
83.3%
Men's 50m FreestyleNathan Adrian
83.3%
Men's 4x100m Medley RelayNathan Adrian
83.3%
Women's 4x100m Freestyle RelaySimone Manuel
74.2%
Women's 100m FreestyleSimone Manuel
74.2%
Women's 50m FreestyleSimone Manuel
74.2%
Women's 4x100m Medley RelaySimone Manuel
74.2%
Men's 100m BackstrokeRyan Murphy
69.9%
Men's 200m BackstrokeRyan Murphy
69.9%
Men's 4x100m Medley RelayRyan Murphy
69.9%
Women's 100m BreaststrokeLilly King
69.4%
Women's 4x100m Medley RelayLilly King
69.4%
Women's 4x200m Freestyle Relay (Heat Swim)Missy Franklin
64%
Men's 4x100m Freestyle Relay (Heat Swim)Anthony Ervin
61.3%
Men's 50m FreestyleAnthony Ervin
61.3%
Women's 200m Individual MedleyMadeline Dirado
59.7%
Women's 4x200m Freestyle RelayMadeline Dirado
59.7%
Women's 200m BackstrokeMadeline Dirado
59.7%
Women's 400m Individual MedleyMadeline Dirado
59.7%
Women's 4x100m Freestyle RelayDana Vollmer
59.1%
Women's 100m ButterflyDana Vollmer
59.1%
Women's 4x100m Medley RelayDana Vollmer
59.1%
Men's 100m Breaststroke Cody Miller
53.8%
Event Name % Correct
Men's 4x100m Medley RelayCody Miller
53.8%
Women's 400m FreestyleLeah Smith
52.7%
Women's 4x200m Freestyle RelayLeah Smith
52.7%
Men's 200m FreestyleConor Dwyer
50%
Men's 4x200m Freestyle RelayConor Dwyer
50%
Men's 4x100m Freestyle RelayCaeleb Dressel
49.5%
Men's 4x200m Freestyle Relay (Heat Swim)Clark Smith
49.5%
Men's 4x100m Medley Relay (Heat Swim)Caeleb Dressel
49.5%
Men's 400m Individual MedleyChase Kalisz
48.9%
Women's 4x100m Freestyle Relay (Heat Swim)Allison Schmitt
47.3%
Women's 4x200m Freestyle RelayAllison Schmitt
47.3%
Women's 100m BackstrokeKathleen Baker
46.8%
Women's 4x100m Medley RelayKathleen Baker
46.8%
Men's 1500m FreestyleConnor Jaeger
45.7%
Men's 100m BackstrokeDavid Plummer
42.5%
Men's 4x100m Medley Relay (Heat Swim)David Plummer
42.5%
Women's 100m BreaststrokeKatie Meili
39.8%
Women's 4x100m Medley Relay (Heat Swim)Katie Meili
39.8%
Men's 4x200m Freestyle RelayTownley Haas
39.2%
Men's 4x100m Freestyle RelayRyan Held
38.7%
Men's 200m BreaststrokeJosh Prenot
34.4%
Women's 4x100m Freestyle Relay (Heat Swim)Lia Neal
32.8%
Men's 4x100m Medley Relay (Heat Swim)Kevin Cordes
31.2%
Men's 4x200m Freestyle Relay (Heat Swim)Jack Conger
30.6%
Women's 4x100m Medley Relay (Heat Swim)Olivia Smoliga
29%
Men's 4x100m Medley Relay (Heat Swim)Tom Shields
28%
Men's 4x100m Freestyle Relay (Heat Swim)James Feigen
27.4%
Women's 4x100m Medley Relay (Heat Swim)Kelsi Worrell
26.9%
Men's 4x200m Freestyle Relay (Heat Swim)Gunnar Bentz
24.7%
Men's 4x100m Freestyle Relay (Heat Swim)Blake Pieroni
22.6%
Women's 4x100m Freestyle RelayAbbey Weitzeil
19.9%
Women's 4x100m Medley Relay (Heat Swim)Abbey Weitzeil
19.9%
Women's 4x100m Freestyle Relay (Heat Swim)Amanda Weir
17.7%
Women's 4x200m Freestyle Relay (Heat SwimCierra Runge
17.7%
Women's 4x200m Freestyle Relay (Heat SwimMelanie Margalis
15.6%

You're not logged in!

Compare scores with friends on all Sporcle quizzes.
OR
Log In

Sporcle TV

Today on Sporcle TV


Watch our educational content, quiz creation guides, and fun videos on Sporcle TV.

Show Comments

Extras

Top Quizzes Today


Score Distribution

Your Account Isn't Verified!

In order to create a playlist on Sporcle, you need to verify the email address you used during registration. Go to your Sporcle Settings to finish the process.

Report this User

Report this user for behavior that violates our Community Guidelines.

Details: